Statistics for 6-Letter Word Chain Game #3

Click here to take the quiz!

General Stats

  • This quiz has been taken 41,641 times
  • The average score is 15 of 24

Answer Stats

HintAnswer% Correct
Element with symbol NaSodium
90%
Grapefruit or lemon, e.g.Citrus
89%
Shrek's best friendDonkey
86%
Vampire's least favorite foodGarlic
84%
Where the Kremlin can be foundMoscow
82%
Jamaican musical genreReggae
82%
Mouse, rat, or beaver, e.g.Rodent
82%
Pearl-bearing animalOyster
80%
Opposite of digitalAnalog
77%
Another name for a prawnShrimp
76%
Blockbuster movie set on the moon PandoraAvatar
68%
System of Islamic lawSharia
63%
Peninsula annexed by Russia in 2014Crimea
62%
The Japanese mafiaYakuza
57%
Asian or possibly European countryCyprus
52%
"Father of Geometry" in ancient GreeceEuclid
47%
South Pacific isle where Papeete is locatedTahiti
46%
Hit song by Alanis MorissetteIronic
42%
Famous Oxford scholarshipRhodes
40%
Brightest star in the night skySirius
39%
Length equal to about 3.26 light yearsParsec
35%
English kingdom ruled by AlfredWessex
34%
Saint Francis ______Xavier
29%
Faster than largo, slower than andanteAdagio
22%

Score Distribution

Percentile by Number Answered

Percent of People with Each Score

Your Score History

You have not taken this quiz